[Event "Stay Safe Play From Home 317"]
[Site "Emanuel Lasker Arena"]
[Date "2020.07.20"]
[Round "6"]
[White "Tran Minh Thang"]
[Black "Mr bh6"]
[Result "1-0"]
[WhiteElo "2500"]
[BlackElo "2364"]
[Annotator "TA"]
[PlyCount "145"]
[EventDate "2020.07.20"]
[EventType "swiss (blitz)"]

{[%evp 9,145,8,23,0,36,27,66,40,47,45,54,31,49,39,82,65,102,64,90,77,86,0,-12,0,42,44,58,57,66,65,50,42,31,35,41,24,35,27,46,35,70,16,79,58,72,76,100,98,96,79,96,60,135,93,137,129,212,139,139,133,134,115,135,91,89,49,92,0,0,-77,-72,-65,-10,-113,-104,-124,-120,-126,-126,-124,-84,-116,-78,-116,-105,-92,0,-87,434,462,462,433,590,583,876,-4,0,-25,-18,-98,-62,-193,93,93,93,93,1133,108,1142,106,1025,36,116,116,6320,3968,12022,11924,29941,12850,29982,29983,29983,29984,29984,61,29985,29986,29987,29988,29988,7440,11678,5178,5121,5102,5114,5099]} 1. d4 e6 2. c4 f5 3. Nc3 Nf6 4. g3 Bb4 5. Bg2 O-O 6. Nh3 {[#] A85: Dutch Defence: 2 c4 Nf6 3 Nc3.} Qe8 $146 ({Predecessor:} 6... d6 7. Nf4 Bxc3+ 8. bxc3 Nc6 9. O-O Qe7 10. Ba3 Bd7 11. c5 d5 12. Nd3 {1-0 (12) Hofmann,T (2215)-Schroll,G (2321) Playchess.com INT 2020}) 7. O-O d6 8. Bd2 {White is slightly better.} Bxc3 9. Bxc3 Ne4 10. Qc2 (10. Rc1 {looks sharper.} h6 11. e3 e5 12. Be1 Nf6 13. b3) 10... Nxc3 11. Qxc3 Nc6 12. d5 Ne5 13. Nf4 c6 14. dxe6 (14. Rad1 {keeps more tension.} exd5 15. cxd5 Rf6 16. b4 Bd7 17. Rc1) 14... Bxe6 15. Nxe6 (15. c5 $16) 15... Qxe6 $11 16. b3 Rad8 17. e3 Rfe8 18. Rad1 Nf7 19. Rd2 Qe5 20. Qd4 (20. Qc2 {with more complications.} Ng5 21. Rfd1 Rd7 22. b4 Ne4 23. Rd4) 20... Qxd4 21. Rxd4 Kf8 22. Rfd1 Ke7 23. h3 g6 24. g4 Ne5 25. Kf1 (25. f4 $14) 25... Ke6 (25... c5 $11 26. Rf4 fxg4) 26. Ke2 Rd7 27. b4 Red8 28. f4 Nf7 29. Bf3 Kf6 30. h4 Ke6 (30... fxg4 $14 31. Bxg4 Re7) 31. h5 Kf6 32. g5+ Ke6 (32... Kg7 $16 33. Kf2 Rc7) 33. Rh1 d5 34. cxd5+ cxd5 35. Rhd1 Rd6 36. R1d2 R8d7 37. Rc2 Nd8 38. h6 (38. b5 $16) 38... Nc6 39. Rd1 (39. Rdd2 $11) 39... Nxb4 $17 40. Rb2 Nc6 (40... Na6 $15) 41. Rbd2 (41. a4 $11 {keeps the balance.}) 41... Ne7 $1 42. Rd4 Ra6 43. R1d2 Ra5 44. R4d3 Nc6 45. Rc3 Rd6 46. Kf2 b6 47. Rcd3 Nb4 (47... Ne7 $17) 48. Rb3 (48. Rd4 $11 Nxa2 49. Rc2) 48... Rxa2 $2 {[%mdl 8192]} ({Not} 48... Nxa2 49. Rc2 $16) (48... Na6 $1 $17 {keeps the pressure on.}) 49. Rxa2 $18 Nxa2 $17 {[%mdl 4096] Endgame KRB-KRN} 50. Ra3 $1 {[%csl LRa2,LRa7][%mdl 64] Double Attack} Nb4 {And now ...a5 would win.} 51. Rxa7 Rd7 52. Ra8 $2 (52. Rxd7 $18 Kxd7 53. Bh5 $1 {[%mdl 576] Promotion}) 52... Nd3+ 53. Kg3 Nc5 54. Rg8 (54. Be2 $11 {remains equal.}) 54... Kd6 55. Rg7 ({White should try} 55. Be2 $15) 55... Ne6 $2 (55... Ne4+ $19 56. Kh4 Re7) 56. Rxd7+ $16 Kxd7 57. Bxd5 {KB-KN} Nf8 $2 {[%mdl 8192]} (57... Ke7 $16) 58. Bb3 $2 (58. Bg8 $18 {Black must now prevent e4.} Kd8 59. e4 $1 {[%mdl 512]}) 58... Kd6 $2 {[%mdl 8192]} (58... Ne6 $16) 59. Kf3 $2 (59. Bg8 $18 {and the rest is easy.} b5 60. Kf3) 59... b5 $2 {[%mdl 8192]} (59... Ne6 $16) 60. e4 $2 (60. Bg8 $18 {aiming for e4.} b4 61. e4) 60... fxe4+ $14 61. Kxe4 b4 $2 {[%mdl 8192]} (61... Ne6 $16 62. Bc2 b4) 62. f5 $18 gxf5+ 63. Kxf5 Ng6 {[#]} 64. Kf6 $1 {[%cal Rf6g7]} Ne5 65. Kg7 Nf3 66. Kxh7 Nxg5+ 67. Kg7 $2 (67. Kg6 {mates} Nf3 68. h7 Ke5 69. h8=Q+ Ke4 70. Qh5 Kf4 71. Qf5+ Ke3 72. Qc5+ Ke2 73. Bc4+ Kd2 74. Qxb4+ Ke3 75. Bd5) 67... Ne4 $2 {[%mdl 8192]} (67... Ke5 $14) 68. h7 Nc5 69. h8=Q Nxb3 70. Kg8 (70. Qf8+ $142 Ke5 71. Qe7+ Kf5 72. Qf7+ Ke5 73. Qxb3 Ke4 74. Kf6 Kf4 75. Qxb4+ Ke3 76. Kg5) 70... Nc5 {White is clearly winning.} 71. Qh6+ Kd5 72. Qh3 Ne6 73. Qh5+ {Accuracy: White = 51%, Black = 37%.} 1-0

[Event "Stay Safe Play From Home 317"]
[Site "Emanuel Lasker Arena"]
[Date "2020.07.20"]
[Round "6"]
[White "Little champs"]
[Black "AChessPlayer"]
[Result "0-1"]
[WhiteElo "2308"]
[BlackElo "2397"]
[Annotator "TA"]
[PlyCount "130"]
[EventDate "2020.07.20"]
[EventType "swiss (blitz)"]

{[%evp 14,130,34,15,45,28,27,7,20,17,66,41,66,62,68,67,85,85,94,85,97,51,75,0,65,2,92,62,71,39,39,39,39,16,29,30,50,27,16,11,65,-13,-5,-16,-5,-18,105,30,35,0,1,-23,-20,-33,-26,-41,-10,-72,-74,-135,-34,-90,-86,-81,-16,-112,-87,-125,11,0,52,7,116,130,352,325,311,310,530,291,296,290,291,190,164,168,275,0,0,0,0,-6322,-449,-443,-432,-537,-437,-434,-411,-965,-471,-515,-447,-29971,-29974,-29972,-29972,-29972,-29969,-29969,-29967,-29970,-29971,-29999,-29996,-29996,-29997,-29997,-29997]} 1. d4 c6 2. e3 d6 3. Nf3 g6 4. Be2 Bg7 5. O-O Nf6 6. c4 O-O 7. Nc3 Nbd7 8. b3 Qc7 {E61: King's Indian: Early deviations for White, including Smyslov System.} 9. Bb2 e5 10. d5 Re8 {The position is equal.} 11. Rc1 c5 12. Nb5 Qb8 13. Nd2 a6 14. Nc3 Qc7 15. e4 {[#]} h5 $146 ({Predecessor:} 15... Nf8 16. Bd3 h6 17. Qc2 Nh5 18. Ne2 g5 19. Ng3 Nf4 20. Nf5 N8g6 21. g3 Nh5 22. Rfe1 Bf8 23. Bf1 Qd8 24. Ne3 Kh7 25. f3 Nf6 26. Kf2 {1-0 (26) Manic,L-Savic,P (2127) Serbia 2014}) 16. h3 Nf8 17. Ncb1 Bh6 18. Bd3 (18. f4 $16) 18... Rb8 (18... g5 $11) 19. Rc2 (19. f4 $1 $14) 19... b6 (19... g5 $11) 20. Bc1 b5 21. Nf3 Bxc1 22. Qxc1 N8h7 23. Ng5 Nxg5 24. Qxg5 Nh7 25. Qh6 Qe7 26. f4 {Hoping for fxe5.} exf4 (26... Qf8 $11 27. Qxf8+ Nxf8) 27. Rxf4 (27. Qxf4 $14 bxc4 28. Rxc4) 27... Qf8 $36 {[%mdl 2048] Black has the initiative.} 28. Qxf8+ Nxf8 29. Rcf2 Rb7 (29... Nd7 $11) 30. Nd2 (30. cxb5 $16 axb5 31. Na3) 30... Ree7 31. Nf3 Nd7 32. Bf1 Kg7 33. Ng5 {[%cal Rg5f7]} Ne5 34. Nf3 bxc4 35. bxc4 (35. Nxe5 $11 {keeps the balance.} dxe5 36. R4f3) 35... Nxf3+ $17 36. R4xf3 ({White should try} 36. R2xf3 Rb6 37. Kh2) 36... Rb1 (36... Rxe4 $17 37. Rf6 Rd7) 37. Rf4 (37. Kh2 $1 $15) 37... a5 38. Kh2 Ba6 ({Black should play} 38... Rc1 $17) 39. g4 (39. Rf6 $11 Rc1 40. Rxd6 Bxc4 41. Bxc4 Rxc4 42. Rc6) 39... hxg4 40. hxg4 Bb7 (40... Rc1 $17 41. Bg2 Bxc4) 41. Bg2 Bc8 ({Better is} 41... Ba6 $11) 42. Rf6 Rd7 (42... Bxg4 $11 {remains equal.} 43. Rxd6 Rc1) 43. g5 $16 Rc1 $2 {[#]} (43... Rb8 $16) 44. Bh3 $1 $18 {[%mdl 512]} Rc7 {next ...Bxh3 is good for Black.} 45. Bxc8 ({Not} 45. Rxd6 Bxh3 46. Kxh3 Rxc4 $11) 45... Rxc4 $2 (45... Rxc8 {was called for.} 46. Rxf7+ Kh8) 46. Bg4 Rxe4 47. Kg3 c4 48. Bf3 Re5 49. Rxd6 c3 (49... Rxg5+ $142 50. Kf4 Rf5+ 51. Kg4 Re5) 50. Kf4 $2 (50. Rc2 $18) 50... Rf5+ $11 51. Ke3 $1 {Threatens to win with Rc6.} c2 52. Rc6 $2 {[%mdl 8192]} (52. Rxc2 $11 Rxc2 53. Be4 {[%mdl 64] Double Attack}) 52... c1=Q+ (52... Rxc6 $142 53. Rf1 c1=Q+ 54. Rxc1 Rxc1) 53. Rxc1 $19 Rxc1 {[%mdl 4096] Endgame KRR-KRB} 54. d6 {Now d7 and White clings on.} Rc3+ 55. Ke4 {aiming for d7.} Kf8 56. Rd2 (56. Rb2 $142 Ke8 57. Be2) 56... Ke8 ({And not} 56... Rcxf3 57. d7 $11) (56... Rfxf3 $142 57. Rb2 Ke8) 57. d7+ Kd8 58. Bg4 {[#]} (58. Bd1 $19) 58... Rc4+ {Black mates.} 59. Ke3 Rxg4 60. Rd6 Re5+ 61. Kf3 Rge4 62. Ra6 Re3+ 63. Kf4 Kxd7 {[%csl Ge3][%cal Re5e4]} 64. Ra7+ Kc6 {[%csl Ge3][%cal Re5e4]} 65. Ra6+ Kb5 {Accuracy: White = 46%, Black = 46%.} 0-1

[Event "Stay Safe Play From Home 317"]
[Site "Emanuel Lasker Arena"]
[Date "2020.07.20"]
[Round "6"]
[White "N_KRISHNA TEJA"]
[Black "Mepe_Nika"]
[Result "1-0"]
[WhiteElo "2264"]
[BlackElo "2413"]
[Annotator "TA"]
[PlyCount "131"]
[EventDate "2020.07.20"]
[EventType "swiss (blitz)"]

{[%evp 13,131,-44,-18,-52,-45,-63,-52,-56,-62,-85,-44,-164,-79,-94,-93,-102,-83,-135,-95,-181,-38,-43,44,47,95,-68,-79,-62,-52,-68,26,-70,-73,-97,-103,-89,0,0,4,-39,0,3,9,6,68,25,14,0,0,0,0,-14,-5,-3,0,0,0,-13,0,-10,-10,-13,-10,-18,-14,-16,0,0,-1,-8,0,-8,8,8,10,0,0,0,0,-7,-7,-8,0,-4231,-4231,-1373,-11848,-2063,-1344,-7004,-5883,-12806,-29955,-29977,-29978,-29974,-2832,-29965,-5145,-2526,-2209,-1902,-838,-835,0,-2068,-1614,-29986,-29987,-29989,-29990,-29991,-29986,-29992,-29984,-29989,-29990,-29993,-29991,-29994]} 1. Nf3 d5 2. g3 g6 3. Bg2 Bg7 4. O-O e5 5. d3 Ne7 6. Nc3 O-O 7. e4 c6 8. exd5 {A07: Réti Opening: New York and Capablanca Systems.} cxd5 9. Re1 Nbc6 {[#]} 10. Bd2 $146 {Black is slightly better.} ({Predecessor:} 10. h3 d4 11. Ne4 f5 12. Ned2 Qc7 13. Nb3 b6 14. Bg5 Bb7 15. Bxe7 Nxe7 16. Qe2 {0-1 (31) Wraga,T (1664)-Keusch,H (1992) Bad Sooden 2016}) 10... h6 11. h3 Be6 12. Nh4 (12. b4 $1 $15) 12... a6 (12... Qd7 $19 13. g4 Kh7) 13. Nf3 b5 14. a3 Rc8 15. Rc1 (15. Ne2 $142) 15... Qd6 16. Na2 (16. Ne2 $17) 16... Nf5 ({Black should try} 16... e4 $19 17. Bf4 Qd8) 17. Nb4 $15 a5 (17... Ncd4 $15 18. Nxd4 Nxd4) 18. Nxc6 $14 Qxc6 19. Bxa5 $2 (19. Nxe5 $16 Qd6 20. d4 (20. Bxa5 Bxe5 21. Bb4 Qb8 $17)) 19... e4 $15 20. dxe4 dxe4 21. Nd2 Bxb2 (21... Qa6 $1 $15 22. Bb4 Rfd8) 22. Bxe4 ({Better is} 22. Nxe4 $11 Qa6 23. Rb1) 22... Qa6 23. Rb1 {aiming for Bb4.} Qxa5 24. Rxb2 Qxa3 (24... Rfd8 $17 25. Bd3 Nd4) 25. Rxb5 $11 Nd4 26. Nb1 Qd6 (26... Qa4 {seems wilder.} 27. Rb2 Rfd8 28. Nd2 Bxh3 29. Qb1 Ne2+) 27. Rb2 Rfd8 $132 {[%mdl 2048] Black is fighting back} 28. c3 Nc6 (28... Nf5 $11 29. Rd2 Qb6) 29. Qxd6 (29. Rd2 {is more complex.} Qc5 30. Bxg6 Kg7 31. Be4 Rxd2 32. Nxd2 Qxc3 33. Qc1) 29... Rxd6 30. Rd2 Rxd2 31. Nxd2 Bxh3 32. Bg2 Bxg2 33. Kxg2 {[%mdl 4096] Endgame KRN-KRN} Na5 34. Re3 Kg7 35. Ne4 h5 36. Nd6 Rc6 37. Nb5 Nc4 38. Rd3 Ne5 39. Rd5 f6 40. f4 Ng4 {Threatens to win with ...Ne3+.} 41. Kf3 Nh2+ 42. Ke4 Ng4 43. Kd3 Kh6 44. Nd4 Ra6 45. Rd7 g5 46. Nf5+ Kg6 47. Ne7+ Kh6 48. f5 $2 {[%mdl 8192] Black keeps a firm grip on the game.} (48. Ke4 $11 Ra4+ 49. Kf5 Ra5+ 50. Ke6 Ra6+ 51. Kf5 Ne3+ 52. Ke4 Re6+ 53. Kf3) 48... Ne5+ $19 {[%mdl 64] Double Attack} 49. Ke4 Nxd7 50. Nd5 Nc5+ 51. Kd4 Na4 52. Nb4 Rb6 53. Nd5 Rd6 54. c4 Nb2 (54... Nb6 $142 55. Kc5 Nxd5 $1 {[%mdl 512]} 56. Kxd6 Nb4 57. Ke7 h4 58. gxh4 gxh4 59. Ke6 Kg5 60. Kd7 h3 61. Kc7 Kxf5 62. Kb6 Nd3 63. Kc6 h2 64. Kd5 h1=Q+ 65. Kd4 Qe4+ 66. Kc3 Ne5 67. Kb4 Qxc4+ 68. Ka5 Qb3 69. Ka6 Nd7 70. Ka7 Qb8+ 71. Ka6 Qb6#) 55. c5 {[#]} Rd8 (55... Rxd5+ $142 $1 56. Kxd5 Nd3 57. c6 Nb4+ 58. Ke4 Nxc6 59. Kd5 Ne7+ 60. Ke4 Nc6 61. Kd3 g4 62. Ke3 h4 $1 {[%mdl 512]} 63. Kf2 hxg3+ 64. Kg2 Kg5 65. Kxg3 Kxf5 66. Kf2 Kf4 67. Ke1 g3 68. Ke2 Ne5 69. Kf1 Kf3 70. Ke1 g2 71. Kd1 g1=Q+ 72. Kc2 Qb6 73. Kc3 Qb1 74. Kd4 Qc1 75. Kd5 Qc6+ 76. Kd4 Qc4#) 56. c6 Rc8 57. Kc5 Rxc6+ 58. Kxc6 {[#] KN-KN} Nd3 $2 (58... h4 $1 $19 59. Kc5 hxg3) 59. Ne7 $2 {[%mdl 8192]} (59. Nxf6 $11 Nf2 60. Kd5) 59... h4 60. Kd7 hxg3 {Black mates.} 61. Ng8+ Kg7 62. Nxf6 g2 63. Kd6 Kh6 64. Ne4 g1=Q 65. Nd2 Kg7 66. Ke7 {[%mdl 32768] Accuracy: White = 63%, Black = 60%. . Sensor Board Error (Ke4/e5)?} 1-0

[Event "Stay Safe Play From Home 317"]
[Site "Emanuel Lasker Arena"]
[Date "2020.07.20"]
[Round "6"]
[White "Bardellosport"]
[Black "Trotsky"]
[Result "0-1"]
[WhiteElo "2044"]
[BlackElo "1615"]
[Annotator "TA"]
[PlyCount "38"]
[EventDate "2020.07.20"]
[EventType "swiss (blitz)"]

{[%evp 9,37,-33,-35,-29,-28,-31,-36,-35,-22,-33,10,-25,11,9,56,-8,0,-21,20,11,132,121,130,-147,-134,-519,-487,-29998,-29999,-29999]} 1. e4 c5 2. d3 e6 3. Nd2 d5 4. Ngf3 Nf6 5. Be2 Nc6 6. O-O {C00: French: Unusual White 2nd moves.} Qc7 7. c3 Bd6 8. Qc2 {Black is slightly better.} Bd7 {[#]} 9. b3 $146 ({Predecessor:} 9. Re1 O-O-O 10. Nf1 h6 11. a3 dxe4 12. dxe4 g5 13. b4 g4 14. Nh4 Ne5 15. Be3 {0-1 (24) Rennoch,R (2125)-Grabow,G (2181) Berlin 2000}) 9... O-O-O 10. Bb2 Ng4 {[%cal Rd6h2]} (10... g5 $5) 11. h3 h5 12. d4 ({And not} 12. hxg4 hxg4 13. Rfe1 gxf3 $17) (12. b4 $14) 12... f6 $11 13. Rac1 Bh2+ 14. Kh1 f5 (14... cxd4 $11 {keeps the balance.} 15. cxd4 Bd6) 15. exf5 $16 (15. g3 $2 Bxg3 $1 {[%mdl 512]} 16. e5 Bxf2 $19) 15... exf5 16. Nh4 $2 {[%mdl 8192] [#]} (16. c4 $16 {stays on course.} dxc4 17. Nxc4 (17. dxc5 cxb3 18. Nxb3 Bf4 $16) (17. Qxc4 Bf4 $11)) 16... Bg1 $1 $17 {[%csl Gg1,Gg4][%cal Rc7h2]} 17. g3 $2 {[%mdl 8192]} (17. f4 $17 {nothing else works.} Be3 18. Ng6 (18. hxg4 $2 hxg4 19. g3 g5 $19 {[%mdl 64] Pin})) 17... Bxf2 $19 {[%mdl 64] Double Attack} 18. Kg2 (18. Qd3 $19 Bxg3 19. Ng6) 18... Qxg3+ {[%mdl 64] Double Attack} 19. Kh1 Qh2# {Accuracy: White = 41%, Black = 51%.} 0-1

[Event "Stay Safe Play From Home 317"]
[Site "Emanuel Lasker Arena"]
[Date "2020.07.20"]
[Round "6"]
[White "Buzaglo"]
[Black "Haxhi Baha"]
[Result "0-1"]
[WhiteElo "1905"]
[BlackElo "2046"]
[Annotator "TA"]
[PlyCount "42"]
[EventDate "2020.07.20"]
[EventType "swiss (blitz)"]

{[%evp 9,41,41,63,28,74,28,28,26,22,8,106,10,13,-24,-6,-33,-23,-106,-120,-428,-434,-426,-422,-29989,-29990,-29996,-2184,-2102,-1987,-29997,-29998,-29998,-29999,-29999]} 1. d4 d5 2. Nf3 e6 3. g3 Bd6 4. Bg2 Qe7 5. O-O Nd7 6. Nbd2 {D02: 1 d4 d5 2 Nf3 sidelines, including 2...Nf6 3 g3 and 2...Nf6 3 Bf4.} (6. c4 $5) 6... c6 7. c4 f5 8. cxd5 {[#] White has an edge.} cxd5 $146 ({Predecessor:} 8... exd5 9. Ne1 Ngf6 10. Ndf3 Nf8 11. Nd3 Ng6 12. b3 O-O 13. e3 b6 14. Bb2 Ba6 {1-0 (80) Schreiner,R (2132)-Appel,H (2177) Bayern 2019}) 9. b3 g5 (9... a5 $11) 10. a4 (10. e4 $1 $16 {[%cal Re4d5] And now exd5 would win.} fxe4 11. Nxg5 $1 {[%mdl 512]}) 10... g4 $11 11. Ne1 Ngf6 12. Nd3 h5 13. f4 (13. Bb2 $11 {remains equal.}) 13... h4 $17 14. Nc5 $2 {[%mdl 8192] White does not recover from this.} (14. Ra2 $17 {is more resistant.}) 14... Nxc5 $19 15. dxc5 Bxc5+ 16. Kh1 (16. Rf2 $19) 16... hxg3 {[%csl Gg3][%cal Rh8h2]} 17. h3 gxh3 (17... Rxh3+ $142 18. Bxh3 {[#]} Qh7 $1 {[%mdl 576] Pin} 19. Nf3 Qxh3+ 20. Nh2 Qxh2#) 18. Bf3 g2+ 19. Bxg2 hxg2+ {Black mates.} 20. Kxg2 Qg7+ 21. Kf3 Qg4# {Accuracy: White = 26%, Black = 60%.} 0-1

[Event "Stay Safe Play From Home 317"]
[Site "Emanuel Lasker Arena"]
[Date "2020.07.20"]
[Round "6"]
[White "Greblha"]
[Black "Edmatuag"]
[Result "1-0"]
[WhiteElo "1903"]
[BlackElo "1627"]
[Annotator "TA"]
[PlyCount "41"]
[EventDate "2020.07.20"]
[EventType "swiss (blitz)"]

{[%evp 9,40,65,74,74,99,86,123,66,90,66,203,174,278,292,259,238,235,250,412,322,771,770,758,757,724,620,589,416,358,0,29998,29999,29999]} 1. e4 d6 2. d4 Nc6 3. Nc3 e6 4. f3 g6 5. Be3 Bg7 6. Qd2 {B00: Queen's Fianchetto Defence, Nimzowitsch Defence.} Nge7 {[#]} 7. Nge2 $146 ({Predecessor:} 7. O-O-O f5 8. h4 h5 9. Nh3 O-O 10. Be2 e5 11. Bc4+ Kh8 12. Ne2 f4 13. Nexf4 exf4 14. Nxf4 {1-0 (39) Stojanovic,M (2308)-Todorovic,R Dvorovi 2016}) 7... O-O 8. Bh6 (8. h4 $16) 8... a6 9. h4 {Strongly threatening h5.} f5 (9... Bxh6 $14 10. Qxh6 f6) 10. h5 f4 (10... Rf7 {was worth a try.} 11. hxg6 Nxg6) 11. Bxg7 $18 ({Don't do} 11. Bxf4 $6 Qe8 $16) 11... Kxg7 12. hxg6 ({Don't take} 12. Nxf4 $6 g5 $18) 12... hxg6 13. Nxf4 e5 $2 {[#]} (13... Rh8 {might work better.}) 14. Nfd5 Nxd5 $2 (14... Rh8) 15. Qh6+ Kf7 16. Qh7+ Ke8 17. Qxg6+ Kd7 18. Rh7+ Nde7 19. d5 $2 (19. Nd5 $18) 19... Rh8 $2 {[%mdl 8192] [#]} (19... Nd4 $11) 20. Qe6+ Ke8 21. Rxh8# {Accuracy: White = 71%, Black = 25%.} 1-0

[Event "Stay Safe Play From Home 317"]
[Site "Emanuel Lasker Arena"]
[Date "2020.07.20"]
[Round "6"]
[White "Haris kollari 13"]
[Black "TheCHESSHOUSE"]
[Result "0-1"]
[WhiteElo "1717"]
[BlackElo "2103"]
[Annotator "NA RC"]
[PlyCount "94"]
[EventDate "2020.07.20"]
[EventType "swiss (blitz)"]

1. e4 {[%emt 0:00:01]} c5 {[%emt 0:00:01]} 2. f4 {[%emt 0:00:01]} d6 {[%emt 0:00:00]} 3. Nf3 {[%emt 0:00:00]} Nc6 {[%emt 0:00:00]} 4. d4 {[%emt 0:00:00]} cxd4 {[%emt 0:00:01]} 5. Nxd4 {[%emt 0:00:00]} Bd7 {[%emt 0:00:00]} 6. Nc3 {[%emt 0:00:01]} Nf6 {[%emt 0:00:01]} 7. Be3 {[%emt 0:00:00]} g6 {[%emt 0:00:00]} 8. Be2 {[%emt 0:00:01]} Bg7 {[%emt 0:00:00]} 9. Qd2 {[%emt 0:00:00]} O-O {[%emt 0:00:00]} 10. O-O-O {[%emt 0:00:01]} a6 {[%emt 0:00:00]} 11. h3 {[%emt 0:00:00]} Rc8 {[%emt 0:00:01]} 12. g4 {[%emt 0:00:01]} b5 {[%emt 0:00:01]} 13. Kb1 {[%emt 0:00:01]} b4 {[%emt 0:00:01]} 14. Nd5 {[%emt 0:00:03]} Nxe4 {[%emt 0:00:01]} 15. Qd3 {[%emt 0:00:01]} Nc5 {[%emt 0:00:01]} 16. Qd2 {[%emt 0:00:03]} Ne4 {[%emt 0:00:03]} 17. Qd3 {[%emt 0:00:01]} Nc5 {[%emt 0:00:00]} 18. Qd2 {[%emt 0:00:01]} e6 {[%emt 0:00:01]} 19. Nxc6 {[%emt 0:00:01]} Bxc6 {[%emt 0:00:01]} 20. Nxb4 {[%emt 0:00:03]} Bxh1 {[%emt 0:00:01]} 21. Rxh1 {[%emt 0:00:02]} a5 {[%emt 0:00:03]} 22. Nd3 {[%emt 0:00:01]} Nxd3 {[%emt 0:00:01]} 23. Bxd3 {[%emt 0:00:01]} d5 {[%emt 0:00:00]} 24. f5 {[%emt 0:00:01]} Rb8 {[%emt 0:00:04]} 25. b3 {[%emt 0:00:02]} Qf6 {[%emt 0:00:01]} 26. c3 {[%emt 0:00:03]} Qxc3 {[%emt 0:00:01]} 27. Qxc3 {[%emt 0:00:01]} Bxc3 {[%emt 0:00:00]} 28. fxe6 {[%emt 0:00:02]} fxe6 {[%emt 0:00:01]} 29. Bc5 {[%emt 0:00:04]} Rf3 {[%emt 0:00:02]} 30. Be2 {[%emt 0:00:02]} Rf7 {[%emt 0:00:02]} 31. Bd3 {[%emt 0:00:01]} e5 {[%emt 0:00:01]} 32. Rc1 {[%emt 0:00:02]} d4 {[%emt 0:00:03]} 33. Bd6 {[%emt 0:00:01]} Re8 {[%emt 0:00:01]} 34. Bc4 {[%emt 0:00:01]} Kg7 {[%emt 0:00:01]} 35. Bxf7 {[%emt 0:00:04]} Kxf7 {[%emt 0:00:00]} 36. Rf1+ {[%emt 0:00:01]} Ke6 {[%emt 0:00:00]} 37. Bc7 {[%emt 0:00:01]} Rc8 {[%emt 0:00:01]} 38. Bb6 {[%emt 0:00:01]} Kd5 {[%emt 0:00:01]} 39. Rf7 {[%emt 0:00:02]} Rc6 {[%emt 0:00:01]} 40. Ba7 {[%emt 0:00:02]} Ke4 {[%emt 0:00:01]} 41. Rxh7 {[%emt 0:00:01]} d3 {[%emt 0:00:00]} 42. Kc1 {[%emt 0:00:02]} d2+ {[%emt 0:00:01]} 43. Kd1 {[%emt 0:00:01]} Bb4 {[%emt 0:00:01]} 44. Rd7 {[%emt 0:00:01]} Rc1+ {[%emt 0:00:01]} 45. Ke2 {[%emt 0:00:02]} Re1+ {[%emt 0:00:01]} 46. Kf2 {[%emt 0:00:01]} d1=Q {[%emt 0:00:00]} 47. Rxd1 {[%emt 0:00:01]} Rxd1 {[%emt 0:00:00] Time (Lag: Av=0.62s, max=1.2s)} 0-1

[Event "Stay Safe Play From Home 317"]
[Site "Emanuel Lasker Arena"]
[Date "2020.07.20"]
[Round "6"]
[White "Klasman"]
[Black "SoulofWolf"]
[Result "0-1"]
[WhiteElo "1376"]
[BlackElo "2152"]
[Annotator "TA"]
[PlyCount "56"]
[EventDate "2020.07.20"]
[EventType "swiss (blitz)"]

{[%evp 9,56,-18,252,-57,66,53,30,66,106,11,11,20,93,29,354,10,13,0,15,-166,-164,-220,-211,-210,-124,-196,-169,-203,-185,-199,-168,-455,-372,-355,-268,-316,-313,-460,-443,-560,-553,-810,-794,-1068,-1033,-1370,-1330,-29986,-29985]} 1. f4 d5 2. Nf3 Nf6 3. c4 c5 4. cxd5 Nxd5 5. Nc3 {[#]} Nxf4 $146 {[%mdl 8192]} (5... Nc6 $11) ({Predecessor:} 5... Nc6 6. g3 Bf5 7. Bg2 Nd4 8. d3 g6 9. O-O Bg7 10. a3 Nb4 {½-½ (10) Aldana,O (1849)-Valle,E (2124) Bogota 2016}) 6. d4 $2 {A03: Bird's Opening with 1...d5.} (6. Qa4+ $18 Nc6 7. Qxf4) 6... Ne6 (6... Ng6 $15) 7. d5 $14 {[%mdl 1024] White has compensation.} Nc7 8. e4 {White has an edge.} Bg4 9. Bd3 (9. Qa4+ $16 Bd7 10. Qb3) 9... Nd7 $11 10. O-O Ne5 (10... Bxf3 $11 11. gxf3 (11. Qxf3 Ne5 $11) 11... g6) 11. Bc2 (11. Be2 $16 Bxf3 12. gxf3 (12. Bxf3 g6 $11)) 11... g6 $2 {[%mdl 8192]} (11... a6 $11) 12. h3 $2 ({White has to play} 12. Ba4+ $18 Nd7 13. h3) 12... Nxf3+ $1 13. Rxf3 (13. gxf3 Bxh3 14. Rf2 Bg7 $17) 13... Bxf3 14. Qxf3 $2 (14. Ba4+ $1 $11 {and White has nothing to worry.} b5 15. Nxb5 $1 {[%mdl 512]}) 14... Bg7 $19 15. Bg5 (15. Bf4 $142) 15... O-O 16. Rf1 f6 (16... b5 $19 17. Rd1 Qd7) 17. Bh4 (17. Be3 $17 {was necessary.}) 17... b5 18. Ne2 Kh8 19. Nf4 Qd6 ({Don't play} 19... g5 20. e5 $1 $17 {[%mdl 512]}) 20. Bb3 $2 (20. Rd1) 20... c4 21. Bc2 e5 ({Weaker is} 21... g5 {[#]} 22. e5 $1 $11 {[%mdl 512]}) 22. dxe6 Nxe6 23. Nd5 (23. Nxe6 $142 Qxe6 24. Bf2) 23... Nd4 24. Qd1 f5 {[%mdl 64] Overworked Piece} 25. exf5 Qxd5 26. Rf4 Be5 27. Rxd4 Bxd4+ 28. Qxd4+ Qxd4+ {Accuracy: White = 27%, Black = 54%.} 0-1

[Event "Stay Safe Play From Home 317"]
[Site "Emanuel Lasker Arena"]
[Date "2020.07.20"]
[Round "7"]
[White "Tran Minh Thang"]
[Black "N_KRISHNA TEJA"]
[Result "1-0"]
[WhiteElo "2511"]
[BlackElo "2287"]
[Annotator "TA"]
[PlyCount "43"]
[EventDate "2020.07.20"]
[EventType "swiss (blitz)"]

{[%evp 14,42,4,0,60,55,98,103,74,73,75,90,72,78,176,186,1002,1010,1246,1253,1156,907,2171,2131,2147,1887,2043,2031,2014,2010,29999]} 1. d4 e6 2. Bf4 Be7 3. e3 d5 4. Nd2 Nf6 5. Bd3 O-O 6. c3 c5 7. Ngf3 Nc6 8. Ne5 g6 {8...Nd7 is the modern continuation. D02: 1 d4 d5 2 Nf3 sidelines, including 2...Nf6 3 g3 and 2...Nf6 3 Bf4.} ({Better is} 8... Nd7 $11) 9. h4 $14 h5 {[#]} 10. Ndf3 $146 ({Predecessor:} 10. g4 cxd4 11. exd4 Bd6 12. gxh5 Nxe5 13. dxe5 Nxh5 14. Bh6 Bxe5 15. Bxf8 Kxf8 16. Qf3 {1-0 (35) Jurkatis,H (2071)-Massloch,P (1563) Rostock 2012}) 10... Kg7 {White is better.} 11. Ng5 Bd6 12. Qf3 Bxe5 13. dxe5 ({Of course not} 13. Bxe5 $6 Nxe5 14. dxe5 Ng4 $11) 13... Nd7 (13... Ng4 $16) 14. Qg3 $18 {Nxe6+! is the strong threat.} c4 $2 {[#]} (14... Qe8 15. O-O-O b6) 15. Nxe6+ $1 {[%mdl 576] Double Attack} Kh8 (15... fxe6 16. Qxg6+) 16. Nxd8 Rxd8 17. Bxg6 fxg6 18. Qxg6 Nf8 19. Qxh5+ Nh7 20. Bg5 Rf8 21. Bf6+ Kg8 22. Qg6# {White took control after the opening. Accuracy: White = 100%, Black = 34%.} 1-0